Consumer credit programme of commercial banks in Bangladesh / (Record no. 25916)
[ view plain ]
| 000 -LEADER | |
|---|---|
| fixed length control field | 00955nam a22002537a 4500 |
| 005 - DATE AND TIME OF LATEST TRANSACTION | |
| control field | 20090429113428.0 |
| 008 - FIXED-LENGTH DATA ELEMENTS--GENERAL INFORMATION | |
| fixed length control field | 090429t xxu||||| |||| 00| 0 eng d |
| 010 ## - LCCN (DPL NO) | |
| LC control number | ENG-93308 |
| 020 ## - INTERNATIONAL STANDARD BOOK NUMBER | |
| International Standard Book Number | 8189886061 |
| Terms of availability | 650.00 |
| 020 ## - INTERNATIONAL STANDARD BOOK NUMBER | |
| International Standard Book Number | 9788189886066 |
| Terms of availability | 650.00 |
| 035 ## - SYSTEM CONTROL NUMBER | |
| System control number | EN-76841 |
| 037 ## - SOURCE OF ACQUISITION | |
| Source of stock number/acquisition | DBAD / PUB |
| 040 ## - CATALOGING SOURCE | |
| Original cataloging agency | dpl |
| Language of cataloging | English |
| 082 ## - DEWEY DECIMAL CLASSIFICATION NUMBER | |
| Classification number | 332.1753 |
| 100 ## - MAIN ENTRY--PERSONAL NAME | |
| Personal name | Sha Alam |
| 245 ## - TITLE STATEMENT | |
| Title | Consumer credit programme of commercial banks in Bangladesh / |
| Statement of responsibility, etc | by Sha Alam [and] Anil Bhuimali |
| 260 ## - PUBLICATION, DISTRIBUTION, ETC. (IMPRINT) | |
| Place of publication, distribution, etc | Delhi |
| Name of publisher, distributor, etc | Abhijeet Publications |
| Date of publication, distribution, etc | 2007 |
| 270 ## - ADDRESS | |
| Address | 2/46, Tukhmeerpur Extension |
| City | Delhi |
| Postal code | 110094 |
| 300 ## - PHYSICAL DESCRIPTION | |
| Extent | x, 262p. |
| Dimensions | 22cm (Hb) |
| 500 ## - GENERAL NOTE | |
| General note | Includes bibliographical references |
| 700 ## - ADDED ENTRY--PERSONAL NAME | |
| Personal name | Bhuimali, Anil |
| 942 ## - ADDED ENTRY ELEMENTS (KOHA) | |
| Source of classification or shelving scheme | Dewey Decimal Classification |
| Item type | English Books |
| Call number suffix | SHA |
| Classification part | 332.1753 |
| Withdrawn status | Lost status | Source of classification or shelving scheme | Damaged status | Not for loan | Collection code | Home library | Current library | Date acquired | Source of acquisition | Cost, normal purchase price | Total Checkouts | Full call number | Barcode | Date last seen | Copy number | Cost, replacement price | Koha item type |
|---|---|---|---|---|---|---|---|---|---|---|---|---|---|---|---|---|---|
| Dewey Decimal Classification | Not For Loan | Non-fiction | D.B.Act.Division | D.B.Act.Division | 29/04/2009 | DBAD / PUB | 650.00 | 332.1753 SHA | EN-76841 | 29/04/2009 | 1 | 650.00 | English Books |
